000
00295nam a2200121Ia 4500
008
191201s2001 xx 000 0 und d
100
_a
COLLINS, Jim
245
0
_a
Good to Great
260
_a
N.Delhi
_b
Hasper Business, Newyork
_c
2001
300
_a
300
650
_a
General Books
942
_2
ddc
_c
BK
999
_c
3361
_d
3361